| 000 | 01008cam a2200289 a 4500 | ||
|---|---|---|---|
| 001 | 2452065 | ||
| 003 | OSt | ||
| 005 | 20160412185111.0 | ||
| 008 | 890330s1989 mdua b 001 0 eng | ||
| 010 | _a 89008001 | ||
| 020 | _a0801839505 | ||
| 020 | _a0801839041 (pbk.) | ||
| 040 |
_aDLC _cDLC _dDLC |
||
| 050 | 0 | 0 |
_aHD75.6 _b.E57 1989 |
| 082 | 0 | 0 |
_a363.7 _220 _bENV 1989 |
| 245 | 0 | 0 |
_aEnvironmental management and economic development / _cGunter Schramm and Jeremy J. Warford, editors. |
| 260 |
_aBaltimore : _bPublished for the World Bank [by] Johns Hopkins University Press, _c1989. |
||
| 300 |
_ax, 208 p. : _bill. ; _c25 cm. |
||
| 504 | _aIncludes bibliographical references. | ||
| 650 | 0 |
_aEconomic development _xEnvironmental aspects. _91104 |
|
| 650 | 0 |
_aEnvironmental management. _9583 |
|
| 700 | 1 |
_aSchramm, Gunter. _97784 |
|
| 700 | 1 |
_aWarford, Jeremy J. _97785 |
|
| 906 |
_a7 _bcbc _corignew _d1 _eocip _f19 _gy-gencatlg |
||
| 942 |
_2ddc _cSLOAN |
||
| 999 |
_c3482 _d3482 |
||